Harper's BAZAAR (ระเบียนเลขที่ 95777)
| 000 -LEADER | |
|---|---|
| fixed length control field | 00916nam a22001817a 4500 |
| 003 - CONTROL NUMBER IDENTIFIER | |
| control field | NALT |
| 005 - DATE AND TIME OF LATEST TRANSACTION | |
| control field | 20191213152612.0 |
| 008 - FIXED-LENGTH DATA ELEMENTS--GENERAL INFORMATION | |
| fixed length control field | 190226b ||||| |||| 00| 0 tha d |
| 040 ## - CATALOGING SOURCE | |
| Original cataloging agency | NALT |
| 245 ## - TITLE STATEMENT | |
| Title | Harper's BAZAAR |
| 260 ## - PUBLICATION, DISTRIBUTION, ETC. | |
| Place of publication, distribution, etc. | 194 ซ.ปรีดีพนมยงค์ 46 (ซ.จิตรวารี) ถ.สุขุมวิท 71 แขวงคลองตันเหนือ เขตวัฒนา กรุงเทพฯ 10110 |
| Name of publisher, distributor, etc. | บริษัท มีเดีย เอกซ์เพอร์ทีส อินเตอร์เชั่นแนล (ประเทศไทย) จำกัด |
| 310 ## - CURRENT PUBLICATION FREQUENCY | |
| Current publication frequency | รายเดือน |
| 500 ## - GENERAL NOTE | |
| General note | วารสารรายชื่อนี้รับมาแทน Lonely Planet ที่ได้หยุดผลิต |
| 850 ## - HOLDING INSTITUTION | |
| Holding institution | NALT |
| 942 ## - ADDED ENTRY ELEMENTS (KOHA) | |
| Koha item type | Journal/Magazine |
| Serial record | 1 |
| Source of classification or shelving scheme | Library of Congress Classification |
| Koha issues (borrowed), all copies | 4 |
ไม่มีตัวเล่มให้บริการ
